Stratégia zabezpečovania surovinových zdrojov a jej vplyv na konkurencieschopnosť čínskej ekonomiky bakalárska práca

Saved in:
Bibliographic Details
Main Author: Daum, Adam
Corporate Author: Obchodná fakulta EU. Katedra medzinárodného obchodu
Other Authors: Harvánek, Lukáš
Format: Book
Language:Slovak
Published: Bratislava 2015
Tags: Add Tag
No Tags, Be the first to tag this record!

MARC

LEADER 00000nbm a2200000 4500
001 0206516
005 20161212110053.4
041 0 |a slo 
044 |a SK 
245 1 0 |a Stratégia zabezpečovania surovinových zdrojov a jej vplyv na konkurencieschopnosť čínskej ekonomiky  |b bakalárska práca  |c Adam Daum ; školiteľ: Lukáš Harvánek 
264 1 |a Bratislava  |c 2015 
300 |a 57 s. 
100 1 |a Daum, Adam 
700 1 |a Harvánek, Lukáš 
710 2 |a Obchodná fakulta EU. Katedra medzinárodného obchodu